Critical theory and social media : (Record no. 28412)

MARC details
000 -LEADER
fixed length control field 01680nam a22003138i 4500
001 - CONTROL NUMBER
control field 018170797
003 - CONTROL NUMBER IDENTIFIER
control field EG-ScBUE
005 - DATE AND TIME OF LATEST TRANSACTION
control field 20200705093947.0
008 - FIXED-LENGTH DATA ELEMENTS--GENERAL INFORMATION
fixed length control field 170104s2016 enka f b 001 0 eng d
020 ## - INTERNATIONAL STANDARD BOOK NUMBER
International Standard Book Number 9781138636828 (pbk.)
040 ## - CATALOGING SOURCE
Original cataloging agency StDuBDS
Language of cataloging eng
Description conventions rda
Transcribing agency StDuBDS
Modifying agency EG-ScBUE
082 04 - DEWEY DECIMAL CLASSIFICATION NUMBER
Classification number 302.231
Item number ALL
Edition number 22
100 1# - MAIN ENTRY--PERSONAL NAME
Personal name Allmer, Thomas,
Relator term author.
245 10 - TITLE STATEMENT
Title Critical theory and social media :
Remainder of title between emancipation and commodification /
Statement of responsibility, etc Thomas Allmer.
264 #1 - PUBLICATION, DISTRIBUTION, ETC. (IMPRINT)
Place of publication, distribution, etc Milton Park, Abingdon, Oxon ;
-- New York, NY :
Name of publisher, distributor, etc Routledge, Taylor and Francis Group,
Date of publication, distribution, etc 2016.
300 ## - PHYSICAL DESCRIPTION
Extent xviii, 213 pages :
Other physical details illustrations (black and white) ;
Dimensions 24 cm.
336 ## - CONTENT TYPE
Content type term text
Source rdacontent
Content type code txt
336 ## - CONTENT TYPE
Content type term still image
Source rdacontent
Content type code txt
337 ## - MEDIA TYPE
Media type term unmediated
Source rdamedia
Media type code n
338 ## - CARRIER TYPE
Carrier type term volume
Source rdacarrier
Carrier type code nc
490 0# - SERIES STATEMENT
Series statement Routledge advances in sociology ;
Volume number/sequential designation 144
504 ## - BIBLIOGRAPHY, ETC. NOTE
Bibliography, etc Includes bibliographical references and index.
520 ## - SUMMARY, ETC.
Summary, etc Social media platforms such as Facebook, YouTube, and Twitter are enormously popular: they are continuously ranked among the most frequently accessed websites worldwide. However there are as yet few studies which combine critical theoretical and empirical research in the context of digital and social media. The aim of this book is to study the constraints and emancipatory potentials of new media and to assess to what extent digital and social media can contribute to strengthen the idea of the communication and network commons, and a commons-based information society.
650 #7 - SUBJECT ADDED ENTRY--TOPICAL TERM
Topical term or geographic name as entry element Critical theory.
Source of heading or term BUEsh
650 #7 - SUBJECT ADDED ENTRY--TOPICAL TERM
Topical term or geographic name as entry element Social media.
Source of heading or term BUEsh
653 ## - INDEX TERM--UNCONTROLLED
Resource For college Communication and mass media
Arrived date list July2020
655 ## - INDEX TERM--GENRE/FORM
Form subdivision Reading book
9 (RLIN) 34232
942 ## - ADDED ENTRY ELEMENTS (KOHA)
Source of classification or shelving scheme Dewey Decimal Classification
Koha item type Book - Borrowing
Holdings
Withdrawn status Lost status Source of classification or shelving scheme Damaged status Not for loan Collection code Home library Current library Shelving location Date acquired Source of acquisition Total Checkouts Full call number Barcode Date last seen Price effective from Koha item type
    Dewey Decimal Classification     Baccah Central Library Central Library First floor 05/07/2020 Purchase   302.231 ALL 000049201 15/07/2025 05/07/2020 Book - Borrowing